000 nam a22 4500
999 _c9177
_d9177
008 180416b ||||| |||| 00| 0 eng d
245 _aRains bring floods, landslides to Cebu.
260 _aPhilippines
_bManila Bulletin
_cc2017
300 _apage 7.
650 0 _927389
_aNatural disaster.
942 _2ddc
_cPER